000 00754cam a2200193 4500
001 WB3616-46
008 000000n2000 000 0 eng u
035 _a(Sirsi) u105663
245 _aAgency marshalls forces against pirates
260 _c2000
490 _aEstates Gazette
_v(0016) 22 April 2000, 36(1)
520 _aRoyal and Sun Alliance Property Service is to lead the fight against 'web pirates' by taking legal action against several sites it believes are damaging consumer confidence in internet property advertising by purloining property data form agents' websites or offices.
590 _aWB
650 0 _aPROPERTY LISTINGS
650 _aINTERNET
650 _aCOPYRIGHT
690 _aINFORMATION TECHNOLOGY-INTERNET
942 _n0
999 _c63283
_d63283